[Event "POL-chT 2nd League"]
[Site "Jastrzebia Gora"]
[Date "2024.09.05"]
[Round "6.19"]
[White "Tustanowski, Robert"]
[Black "Luczak, Filip"]
[Result "0-1"]
[WhiteElo "2201"]
[BlackElo "2286"]
[PlyCount "78"]
[EventDate "2024.08.31"]
[EventType "team-swiss"]
[EventRounds "9"]
[EventCountry "POL"]
[SourceTitle "EXT 2025"]
[Source "ChessBase"]
[SourceDate "2024.10.14"]
[SourceVersion "1"]
[SourceVersionDate "2024.10.14"]
[SourceQuality "1"]
[WhiteTeam "Radkow Giecek"]
[BlackTeam "Koszalin Hetman Politechnika"]
[WhiteTeamCountry "POL"]
[BlackTeamCountry "POL"]

1. e4 g6 2. d4 Bg7 3. Nc3 c5 4. Be3 cxd4 5. Bxd4 Nf6 6. e5 Nh5 7. Nge2 f5 8. h3 f4 9. Ng1 Nc6 10. Nf3 d5 11. Bb5 0-0 12. Bxc6 bxc6 13. 0-0 Bf5 14. Re1 Qd7 15. Na4 Be4 16. Nc5 Qf5 17. Nh4 Qc8 18. Nxe4 dxe4 19. Rxe4 c5 20. Bc3 Qc6 21. Qe2 g5 22. Re1 Qh6 23. Nf3 e6 24. Ra4 Kh8 25. Rd1 Qg6 26. Ra6 Rae8 27. Rxa7 g4 28. Nh4 Qh6 29. Qxg4 Rg8 30. Rdd7 Rd8 31. Re7 f3 32. Nxf3 Rd1+ 33. Kh2 Qc1 34. Qxh5 Rh1+ 35. Kg3 Bxe5+ 36. Kh4 Qf4+ 37. g4 Rxh3+ 38. Kxh3 Qxf3+ 39. Kh4 Qh1# 0-1

[Event "POL-chT 2nd League"]
[Site "Jastrzebia Gora"]
[Date "2024.09.04"]
[Round "5.7"]
[White "Mazurkiewicz, Michal"]
[Black "Tustanowski, Robert"]
[Result "1/2-1/2"]
[WhiteElo "2224"]
[BlackElo "2201"]
[PlyCount "118"]
[EventDate "2024.08.31"]
[EventType "team-swiss"]
[EventRounds "9"]
[EventCountry "POL"]
[SourceTitle "EXT 2025"]
[Source "ChessBase"]
[SourceDate "2024.10.14"]
[SourceVersion "1"]
[SourceVersionDate "2024.10.14"]
[SourceQuality "1"]
[WhiteTeam "Zakrzewo Korona"]
[BlackTeam "Radkow Giecek"]
[WhiteTeamCountry "POL"]
[BlackTeamCountry "POL"]

1. e4 c6 2. d3 d5 3. Nd2 e5 4. Ngf3 Bd6 5. d4 exd4 6. exd5 Nf6 7. dxc6 Nxc6 8. Be2 0-0 9. Nb3 Re8 10. 0-0 Bc7 11. Nbxd4 Nxd4 12. Nxd4 Qd6 13. f4 Bb6 14. c3 Bxd4+ 15. cxd4 Bf5 16. Bf3 Be4 17. f5 Rad8 18. Bg5 h6 19. Bh4 Bxf3 20. Qxf3 Qxd4+ 21. Bf2 Qxb2 22. Bxa7 b5 23. Qb3 Re2 24. Qxb2 Rxb2 25. Rf2 Rxf2 26. Kxf2 Rd5 27. Ke3 Rxf5 28. Rc1 Ng4+ 29. Ke4 Rg5 30. Rc5 Nf6+ 31. Kf3 Rxc5 32. Bxc5 Nd7 33. Bd4 f5 34. Ke3 Kf7 35. Kd3 Nb8 36. g4 fxg4 37. Ke4 Nc6 38. Bc3 h5 39. Kd5 Ne7+ 40. Kc5 h4 41. Be1 Nf5 42. Kxb5 h3 43. a4 g3 44. Bxg3 Nxg3 45. a5 Nf5 46. Kc6 Ne7+ 47. Kb7 Nf5 48. Kc6 Ne7+ 49. Kd7 Nd5 50. a6 Nb6+ 51. Kc7 Na8+ 52. Kb7 g5 53. a7 g4 54. Kxa8 g3 55. Kb8 g2 56. a8Q g1Q 57. Qf3+ Ke7 58. Qxh3 Qb6+ 59. Ka8 Qa6+ 1/2-1/2

[Event "POL-chT 2nd League"]
[Site "Jastrzebia Gora"]
[Date "2024.09.02"]
[Round "3.31"]
[White "Tustanowski, Robert"]
[Black "Marszalek, Maciej"]
[Result "1/2-1/2"]
[WhiteElo "2201"]
[BlackElo "2276"]
[PlyCount "32"]
[EventDate "2024.08.31"]
[EventType "team-swiss"]
[EventRounds "9"]
[EventCountry "POL"]
[SourceTitle "EXT 2025"]
[Source "ChessBase"]
[SourceDate "2024.10.14"]
[SourceVersion "1"]
[SourceVersionDate "2024.10.14"]
[SourceQuality "1"]
[WhiteTeam "Radkow Giecek"]
[BlackTeam "Stara Wies Parnas"]
[WhiteTeamCountry "POL"]
[BlackTeamCountry "POL"]

1. e4 c5 2. Nf3 e6 3. d3 Nc6 4. g3 d6 5. Bg2 Be7 6. 0-0 Nf6 7. Re1 0-0 8. c3 e5 9. h3 h6 10. d4 exd4 11. cxd4 d5 12. exd5 Nxd5 13. Nc3 Nxc3 14. bxc3 cxd4 15. Nxd4 Nxd4 16. cxd4 Bf6 1/2-1/2

[Event "Lazy Baltic Pearl op-C 20th"]
[Site "Lazy"]
[Date "2024.06.30"]
[Round "8"]
[White "Tustanowski, Robert"]
[Black "Marusenko, Petr"]
[Result "1-0"]
[WhiteElo "2195"]
[BlackElo "1994"]
[PlyCount "52"]
[EventDate "2024.06.24"]
[EventType "swiss"]
[EventRounds "9"]
[EventCountry "POL"]
[SourceTitle "CBM 220 Extra"]
[Source "ChessBase"]
[SourceDate "2024.07.31"]
[SourceVersion "1"]
[SourceVersionDate "2024.07.31"]
[SourceQuality "1"]

1. e4 c6 2. d4 d5 3. Nc3 dxe4 4. Nxe4 Bf5 5. Ng3 Bg6 6. h4 h6 7. Nf3 Nd7 8. h5 Bh7 9. Bd3 Bxd3 10. Qxd3 e6 11. Bd2 Ngf6 12. 0-0-0 Be7 13. Kb1 Rc8 14. c4 c5 15. d5 exd5 16. Nf5 0-0 17. cxd5 c4 18. Qc3 Nc5 19. d6 Nce4 20. Nxe7+ Kh8 21. Qd4 Rc5 22. Bb4 Rb5 23. Qxc4 Qb6 24. Rd4 a5 25. Ba3 Nc5 26. Nd5 Qd8 1-0

[Event "Lazy Baltic Pearl op-C 20th"]
[Site "Lazy"]
[Date "2024.06.24"]
[Round "2"]
[White "Tustanowski, Robert"]
[Black "Kruczynski, Marek"]
[Result "1-0"]
[WhiteElo "2195"]
[BlackElo "1878"]
[PlyCount "73"]
[EventDate "2024.06.24"]
[EventType "swiss"]
[EventRounds "9"]
[EventCountry "POL"]
[SourceTitle "CBM 220 Extra"]
[Source "ChessBase"]
[SourceDate "2024.07.31"]
[SourceVersion "1"]
[SourceVersionDate "2024.07.31"]
[SourceQuality "1"]

1. e4 c5 2. Nf3 e6 3. d3 Nc6 4. g3 d5 5. Qe2 Nge7 6. Bg2 g6 7. h4 h6 8. 0-0 Bg7 9. c3 0-0 10. e5 b5 11. Re1 a5 12. Nbd2 a4 13. Nf1 Ba6 14. a3 Qc7 15. Bf4 Kh7 16. N1h2 Na5 17. Ng4 Nb3 18. Nf6+ Kh8 19. Rad1 b4 20. Bh3 bxa3 21. bxa3 d4 22. c4 Bb7 23. Bg2 Bc6 24. Nd2 Bxg2 25. Kxg2 Nxd2 26. Qxd2 h5 27. Re4 Qc6 28. g4 hxg4 29. h5 Nf5 30. Rh1 Bxf6 31. exf6 Kg8 32. Be5 g3 33. Qg5 Rab8 34. hxg6 Rb2 35. gxf7+ Kxf7 36. Qh5+ Kg8 37. Qh7# 1-0

[Event "Titled Tuesday intern op 29th Aug Early"]
[Site "Chess.com INT"]
[Date "2023.08.29"]
[Round "7"]
[White "Bivol, Alina"]
[Black "Tustanowski, Robert"]
[Result "1-0"]
[WhiteElo "2366"]
[BlackElo "2208"]
[PlyCount "47"]
[EventDate "2023.08.29"]
[EventType "swiss (blitz)"]
[EventRounds "11"]
[EventCountry "USA"]
[SourceTitle "EXT 2024"]
[Source "ChessBase"]
[SourceDate "2023.10.10"]
[SourceVersion "1"]
[SourceVersionDate "2023.10.10"]
[SourceQuality "1"]

1. e4 d6 2. d4 Nf6 3. Nc3 e5 4. dxe5 dxe5 5. Qxd8+ Kxd8 6. Bg5 Be6 7. 0-0-0+ Nbd7 8. f4 exf4 9. Nf3 h6 10. Bxf4 Ng4 11. Rd2 Bc5 12. h3 Be3 13. Bxe3 Nxe3 14. Bd3 c5 15. Re1 c4 16. Rxe3 cxd3 17. Rexd3 Ke7 18. Nd5+ Bxd5 19. Rxd5 Nb6 20. Re5+ Kf8 21. Rc5 Rb8 22. Rc7 g6 23. Ne5 Rh7 24. Nxg6+ 1-0

[Event "Titled Tuesday intern op 29th Aug Early"]
[Site "Chess.com INT"]
[Date "2023.08.29"]
[Round "9"]
[White "Parpiev, Isaak"]
[Black "Tustanowski, Robert"]
[Result "1-0"]
[WhiteElo "2123"]
[BlackElo "2208"]
[PlyCount "73"]
[EventDate "2023.08.29"]
[EventType "swiss (blitz)"]
[EventRounds "11"]
[EventCountry "USA"]
[SourceTitle "EXT 2024"]
[Source "ChessBase"]
[SourceDate "2023.10.10"]
[SourceVersion "1"]
[SourceVersionDate "2023.10.10"]
[SourceQuality "1"]

1. d4 Nf6 2. c4 e6 3. Nc3 Bb4 4. a3 Bxc3+ 5. bxc3 c5 6. e3 Nc6 7. Bd3 d6 8. Ne2 0-0 9. e4 Ne8 10. 0-0 b6 11. f4 f5 12. d5 Na5 13. Ng3 g6 14. Be3 Ba6 15. Qe2 Ng7 16. Rad1 Re8 17. dxe6 Qf6 18. exf5 gxf5 19. Qf3 Nxc4 20. Bxc4 Bxc4 21. Rfe1 d5 22. Bf2 Rxe6 23. Rxe6 Nxe6 24. Nh5 Qg6 25. Re1 Re8 26. Bh4 Ng7 27. Nf6+ Qxf6 28. Rxe8+ Nxe8 29. Bxf6 Nxf6 30. Qg3+ Kf7 31. Qe3 Ne4 32. Qh3 Kg6 33. Qh4 h6 34. Qe7 Nxc3 35. Qe6+ Kh5 36. Qxf5+ Kh4 37. g3# 1-0

[Event "Titled Tuesday intern op 15th Aug Early"]
[Site "Chess.com INT"]
[Date "2023.08.15"]
[Round "7"]
[White "Tustanowski, Robert"]
[Black "Kula, Robert"]
[Result "1-0"]
[WhiteElo "2208"]
[BlackElo "2284"]
[PlyCount "113"]
[EventDate "2023.08.15"]
[EventType "swiss (blitz)"]
[EventRounds "11"]
[EventCountry "USA"]
[SourceTitle "EXT 2024"]
[Source "ChessBase"]
[SourceDate "2023.10.10"]
[SourceVersion "1"]
[SourceVersionDate "2023.10.10"]
[SourceQuality "1"]

1. d4 d5 2. Bf4 Nf6 3. e3 Bf5 4. c4 c6 5. Qb3 Qb6 6. c5 Qxb3 7. axb3 a6 8. Nc3 Nbd7 9. b4 Rc8 10. h3 e6 11. Nf3 Be7 12. Nd2 0-0 13. Nb3 Ne4 14. Na5 Rb8 15. Bxb8 Rxb8 16. Nxe4 Bxe4 17. f3 Bg6 18. Bxa6 bxa6 19. Nxc6 Re8 20. Rxa6 Bh4+ 21. Kd2 e5 22. dxe5 f6 23. e6 Rxe6 24. Ra8+ Nf8 25. b5 Bf2 26. Ra3 Nd7 27. b4 h5 28. Nd4 Re8 29. b6 Ne5 30. Rc1 Nc4+ 31. Rxc4 dxc4 32. b7 Bg3 33. b5 Bf7 34. f4 Bd5 35. c6 Bf2 36. Nf5 Kh7 37. Ra8 c3+ 38. Kxc3 Re4 39. b8Q Bxe3 40. Qh8+ Kg6 41. Qxg7+ Kxf5 42. g4+ Kxf4 43. Qxf6+ Kg3 44. Qd6+ Bf4 45. Qxd5 Re3+ 46. Kc4 Re1 47. gxh5 Rc1+ 48. Kb3 Rb1+ 49. Kc2 Rc1+ 50. Kb2 Re1 51. Rg8+ Kf2 52. Qg2+ Ke3 53. Re8+ Kd3 54. Rxe1 Be5+ 55. Kb3 Bf4 56. Qe4+ Kd2 57. Qe2# 1-0

[Event "Titled Tuesday intern op 15th Aug Late"]
[Site "Chess.com INT"]
[Date "2023.08.15"]
[Round "2"]
[White "Tustanowski, Robert"]
[Black "Moskalenko, Alexander"]
[Result "0-1"]
[WhiteElo "2208"]
[BlackElo "2443"]
[PlyCount "72"]
[EventDate "2023.08.15"]
[EventType "swiss (blitz)"]
[EventRounds "11"]
[EventCountry "USA"]
[SourceTitle "EXT 2024"]
[Source "ChessBase"]
[SourceDate "2023.10.10"]
[SourceVersion "1"]
[SourceVersionDate "2023.10.10"]
[SourceQuality "1"]

1. e4 c5 2. Nf3 Nf6 3. e5 Nd5 4. Nc3 Nxc3 5. dxc3 e6 6. Bd3 Nc6 7. Bf4 Qc7 8. Qe2 h6 9. h4 b6 10. h5 Bb7 11. 0-0-0 a6 12. g4 b5 13. Bg3 c4 14. Be4 Ne7 15. Rd6 Nd5 16. Rxd5 exd5 17. Bf5 Qb6 18. Nd4 b4 19. Re1 Bc5 20. e6 dxe6 21. Bxe6 fxe6 22. Nxe6 Kf7 23. Nxc5 Rhe8 24. Qf3+ Kg8 25. Rxe8+ Rxe8 26. Nd7 bxc3 27. bxc3 d4 28. Qf5 Qc6 29. Ne5 Qh1+ 30. Kd2 dxc3+ 31. Kxc3 Qe1+ 32. Kd4 Qd2+ 33. Kc5 Rc8+ 34. Kb6 Qd6+ 35. Ka5 Rc5+ 36. Kb4 Rxe5+ 0-1

[Event "Titled Tuesday intern op 15th Aug Late"]
[Site "Chess.com INT"]
[Date "2023.08.15"]
[Round "7"]
[White "Tustanowski, Robert"]
[Black "Zampronha, Wladimir Camilo"]
[Result "0-1"]
[WhiteElo "2208"]
[BlackElo "2170"]
[PlyCount "80"]
[EventDate "2023.08.15"]
[EventType "swiss (blitz)"]
[EventRounds "11"]
[EventCountry "USA"]
[SourceTitle "EXT 2024"]
[Source "ChessBase"]
[SourceDate "2023.10.10"]
[SourceVersion "1"]
[SourceVersionDate "2023.10.10"]
[SourceQuality "1"]

1. e4 c5 2. Nf3 e6 3. d3 Nc6 4. g3 d5 5. Qe2 Nge7 6. Bg2 g6 7. 0-0 Bg7 8. c3 0-0 9. e5 b5 10. Re1 a5 11. h4 b4 12. Nbd2 Ba6 13. Nf1 a4 14. a3 bxc3 15. bxc3 Rb8 16. Bf4 Rb3 17. Rec1 Qa5 18. Bd2 Rfb8 19. N1h2 Rb2 20. Ng4 Nf5 21. h5 Qb5 22. Bf1 Qb3 23. Qe1 Rc2 24. h6 Rxc1 25. Bxc1 Bf8 26. Nf6+ Kh8 27. Ng5 Rb7 28. Ngxh7 Nxh6 29. Nxf8 Nf5 30. Qd2 Kg7 31. N8d7 Nxe5 32. Nxc5 Nf3+ 33. Kg2 Nxd2 34. Bxd2 Qc2 35. Bg5 Qxc3 36. Nxa6 Qxa1 37. Nc5 Rb1 38. Be2 Rg1+ 39. Kf3 Qd4 40. Ng4 Qxc5 0-1

[Event "Titled Tuesday intern op 06th Jun Late"]
[Site "Chess.com INT"]
[Date "2023.06.06"]
[Round "2"]
[White "Belov, Alexei"]
[Black "Tustanowski, Robert"]
[Result "1-0"]
[WhiteElo "2421"]
[BlackElo "2205"]
[PlyCount "75"]
[EventDate "2023.06.06"]
[EventType "swiss (blitz)"]
[EventRounds "11"]
[EventCountry "USA"]
[SourceTitle "EXT 2024"]
[Source "ChessBase"]
[SourceDate "2023.10.10"]
[SourceVersion "1"]
[SourceVersionDate "2023.10.10"]
[SourceQuality "1"]

1. e4 d6 2. d4 Nf6 3. Nc3 e5 4. Nf3 Nbd7 5. Bc4 Be7 6. 0-0 0-0 7. a4 c6 8. Ba2 b6 9. Qe2 a6 10. Rd1 Qc7 11. Nh4 exd4 12. Rxd4 Nc5 13. Rd1 a5 14. f3 Re8 15. Qf2 g6 16. Qg3 Nh5 17. Qf2 Be6 18. Be3 Bxa2 19. Rxa2 Rad8 20. g4 Ng7 21. Ng2 g5 22. Raa1 Nge6 23. h4 h6 24. h5 Bf6 25. Kh1 Be5 26. Rd2 Qe7 27. Ne2 Qf6 28. c3 Nb3 29. Rad1 Nxd2 30. Rxd2 Nc5 31. Nd4 Rc8 32. b3 Kh7 33. Rb2 d5 34. exd5 cxd5 35. Ne1 Kh8 36. Rb1 Ne6 37. Nd3 Rxc3 38. Nxe5 1-0

[Event "Titled Tuesday intern op 06th Jun Late"]
[Site "Chess.com INT"]
[Date "2023.06.06"]
[Round "5"]
[White "Tustanowski, Robert"]
[Black "Streltsov, Alexey"]
[Result "0-1"]
[WhiteElo "2205"]
[BlackElo "2338"]
[PlyCount "84"]
[EventDate "2023.06.06"]
[EventType "swiss (blitz)"]
[EventRounds "11"]
[EventCountry "USA"]
[SourceTitle "EXT 2024"]
[Source "ChessBase"]
[SourceDate "2023.10.10"]
[SourceVersion "1"]
[SourceVersionDate "2023.10.10"]
[SourceQuality "1"]

1. e4 c5 2. Nf3 d6 3. Bc4 a6 4. Bb3 e6 5. 0-0 Nf6 6. Re1 Nbd7 7. c3 b5 8. d4 c4 9. Bc2 Bb7 10. Nbd2 g6 11. e5 dxe5 12. dxe5 Nd5 13. Ne4 Qc7 14. Bg5 h6 15. Bh4 Nc5 16. Qxd5 exd5 17. Nf6+ Kd8 18. Nxd5+ Kc8 19. Nxc7 Kxc7 20. Bf6 Rg8 21. Nd4 Re8 22. f4 Be7 23. Bxe7 Rxe7 24. a4 Kb6 25. axb5 axb5 26. Kf2 Rd8 27. g3 Rde8 28. b4 cxb3 29. Bxb3 Nxb3 30. Nxb3 Rc7 31. Re3 Rec8 32. e6 Bd5 33. Nd4 Rxc3 34. Rxc3 Rxc3 35. e7 Rc8 36. Re1 Re8 37. g4 Kc5 38. Nc2 Kd6 39. f5 Rxe7 40. g5 Rxe1 41. Nxe1 hxg5 42. fxg6 fxg6 0-1

[Event "Titled Tuesday intern op 11th Apr Late"]
[Site "Chess.com INT"]
[Date "2023.04.11"]
[Round "4"]
[White "Novikova, Margarita"]
[Black "Tustanowski, Robert"]
[Result "1-0"]
[WhiteElo "1985"]
[BlackElo "2185"]
[PlyCount "111"]
[EventDate "2023.04.11"]
[EventType "swiss (blitz)"]
[EventRounds "11"]
[EventCountry "USA"]
[SourceTitle "CBM 213 Extra"]
[Source "ChessBase"]
[SourceDate "2023.05.31"]
[SourceVersion "1"]
[SourceVersionDate "2023.05.31"]
[SourceQuality "1"]

1. e4 d6 2. d4 Nf6 3. Nc3 e5 4. dxe5 dxe5 5. Qxd8+ Kxd8 6. Bg5 Be6 7. 0-0-0+ Nbd7 8. h3 Kc8 9. Nge2 Bb4 10. f3 c6 11. a3 Ba5 12. Bd2 Ne8 13. Be1 f6 14. Ng3 g6 15. Bd3 b5 16. Nce2 Bxe1 17. Rhxe1 Kc7 18. f4 Nd6 19. f5 Bf7 20. Rd2 Rad8 21. Red1 g5 22. Nf1 a5 23. g4 h5 24. Nc3 hxg4 25. hxg4 Nc5 26. Ng3 b4 27. Nce2 Rh4 28. Ng1 Rxg4 29. N1e2 Ndxe4 30. Nxe4 Nxe4 31. Bxe4 Rxd2 32. Rxd2 Rxe4 33. axb4 axb4 34. c3 Bc4 35. Ng3 Re3 36. Nh5 Re1+ 37. Rd1 Rxd1+ 38. Kxd1 bxc3 39. bxc3 Kd6 40. Nxf6 Bd3 41. Nh7 g4 42. Nf6 Bxf5 43. Kd2 Ke6 44. Nh5 Kd5 45. Ng3 Bg6 46. Ke3 Kc4 47. Ne2 Bd3 48. Nc1 Bf5 49. Ne2 c5 50. Kd2 Bd3 51. Ng3 Bg6 52. Ne2 Bf7 53. Ng3 Bd5 54. Nf5 Be4 55. Ne3+ Kb3 56. Nxg4 1-0

[Event "CZE-chT2F 1920"]
[Site "Czech Republic"]
[Date "2019.10.13"]
[Round "1.2"]
[White "Biolek, Richard"]
[Black "Tustanowski, Robert"]
[Result "1-0"]
[WhiteElo "2415"]
[BlackElo "2148"]
[PlyCount "49"]
[EventDate "2019.10.13"]
[EventType "team-tourn"]
[EventRounds "11"]
[EventCountry "CZE"]
[SourceTitle "EXT 2024"]
[Source "ChessBase"]
[SourceDate "2023.10.10"]
[SourceVersion "1"]
[SourceVersionDate "2023.10.10"]
[SourceQuality "1"]
[WhiteTeam "Grygov Proclient"]
[BlackTeam "Vrbno pod Pradedem"]
[WhiteTeamCountry "CZE"]
[BlackTeamCountry "CZE"]

1. Nf3 Nf6 2. g3 b6 3. Bg2 Bb7 4. 0-0 c5 5. d3 d5 6. Nbd2 e6 7. e4 dxe4 8. dxe4 Nc6 9. e5 Nd7 10. Re1 Qc7 11. Qe2 h6 12. c3 g5 13. Nc4 a6 14. h4 gxh4 15. Nxh4 0-0-0 16. a4 Na5 17. Nxa5 bxa5 18. Nf3 c4 19. Be3 Nxe5 20. Nxe5 Qxe5 21. Bxb7+ Kxb7 22. Rad1 Rd3 23. Rxd3 cxd3 24. Qf3+ Qd5 25. Qxf7+ 1-0

[Event "POL-chT 2nd League"]
[Site "Jastrzebia Gora"]
[Date "2019.09.11"]
[Round "5.21"]
[White "Liberadzki, Slawomir"]
[Black "Tustanowski, Robert"]
[Result "0-1"]
[WhiteElo "1983"]
[BlackElo "2185"]
[PlyCount "118"]
[EventDate "2019.09.07"]
[EventType "team-swiss"]
[EventRounds "9"]
[EventCountry "POL"]
[SourceTitle "EXT 2020"]
[Source "ChessBase"]
[SourceDate "2019.10.17"]
[SourceVersion "1"]
[SourceVersionDate "2019.10.17"]
[SourceQuality "1"]
[WhiteTeam "Skoczek Trojanski"]
[BlackTeam "Zarzewie Prudnik"]
[WhiteTeamCountry "POL"]
[BlackTeamCountry "POL"]

1. e4 e5 2. Nf3 Nc6 3. Nc3 Nf6 4. d4 d6 5. dxe5 Nxe5 6. Nxe5 dxe5 7. Qxd8+ Kxd8 8. Bg5 Be6 9. Nd5 Bxd5 10. 0-0-0 Be7 11. Bxf6 Bxf6 12. Rxd5+ Ke7 13. Be2 c6 14. Rd3 Rhd8 15. Rhd1 Bg5+ 16. Kb1 Rxd3 17. Rxd3 g6 18. g4 b6 19. c3 Rh8 20. Kc2 Bh4 21. Rf3 h5 22. gxh5 Rxh5 23. Rh3 Rh7 24. Bg4 Kf6 25. Bd7 c5 26. Kd3 Kg5 27. Ke2 f5 28. Bc6 c4 29. exf5 gxf5 30. Re3 Kf6 31. Rh3 Kg5 32. Re3 Rc7 33. Be8 Rc5 34. Kf1 Ra5 35. a3 Kf6 36. Re1 Rd5 37. Bc6 Rc5 38. Ba4 e4 39. Rd1 Bg5 40. Bd7 Ke5 41. a4 Rc7 42. Ke2 Bc1 43. Rxc1 Rxd7 44. Rg1 Rh7 45. h4 Rxh4 46. a5 Rh6 47. Rg7 bxa5 48. Rxa7 Rb6 49. Rxa5+ Kf4 50. Ra2 Rb3 51. Ke1 Kf3 52. Kf1 f4 53. Ke1 Rb8 54. Ra4 Rxb2 55. Rxc4 e3 56. fxe3 fxe3 57. Rb4 Rh2 58. Kd1 Rh1+ 59. Kc2 e2 0-1

[Event "POL-chT 2nd League"]
[Site "Jastrzebia Gora"]
[Date "2019.09.10"]
[Round "4.22"]
[White "Tustanowski, Robert"]
[Black "Aleksandrowicz, Marek"]
[Result "1/2-1/2"]
[WhiteElo "2185"]
[BlackElo "1875"]
[PlyCount "60"]
[EventDate "2019.09.07"]
[EventType "team-swiss"]
[EventRounds "9"]
[EventCountry "POL"]
[SourceTitle "EXT 2020"]
[Source "ChessBase"]
[SourceDate "2019.10.17"]
[SourceVersion "1"]
[SourceVersionDate "2019.10.17"]
[SourceQuality "1"]
[WhiteTeam "Zarzewie Prudnik"]
[BlackTeam "Lipusz WDA"]
[WhiteTeamCountry "POL"]
[BlackTeamCountry "POL"]

1. e4 e5 2. Nf3 Nc6 3. Bc4 Nf6 4. d3 Be7 5. 0-0 0-0 6. c3 d6 7. Re1 Na5 8. Bb5 a6 9. Ba4 c5 10. Nbd2 Qc7 11. Nf1 h6 12. Ng3 b5 13. Bc2 Nc6 14. h3 Re8 15. Be3 d5 16. d4 cxd4 17. cxd4 Bb4 18. Re2 exd4 19. Nxd4 dxe4 20. Rc1 Bb7 21. Nxc6 Bxc6 22. Qd4 Bd6 23. Bb3 Bxg3 24. fxg3 Qd7 25. Qb6 Rac8 26. Rd2 Qb7 27. Qd4 Qe7 28. Qb6 Qb7 29. Qd4 Qe7 30. Qb6 Qb7 1/2-1/2

[Event "POL-chT 2nd League"]
[Site "Jastrzebia Gora"]
[Date "2019.09.08"]
[Round "2.14"]
[White "Tustanowski, Robert"]
[Black "Smolka, Marcin"]
[Result "1/2-1/2"]
[WhiteElo "2185"]
[BlackElo "2178"]
[PlyCount "75"]
[EventDate "2019.09.07"]
[EventType "team-swiss"]
[EventRounds "9"]
[EventCountry "POL"]
[SourceTitle "EXT 2020"]
[Source "ChessBase"]
[SourceDate "2019.10.17"]
[SourceVersion "1"]
[SourceVersionDate "2019.10.17"]
[SourceQuality "1"]
[WhiteTeam "Zarzewie Prudnik"]
[BlackTeam "Chrzanow Olimpijczyk"]
[WhiteTeamCountry "POL"]
[BlackTeamCountry "POL"]

1. e4 e5 2. Nf3 Nc6 3. Bc4 Nf6 4. d3 Bc5 5. 0-0 d6 6. c3 Bb6 7. Nbd2 0-0 8. h3 h6 9. Re1 Re8 10. Nf1 d5 11. exd5 Nxd5 12. d4 Nf6 13. dxe5 Qxd1 14. Rxd1 Nxe5 15. Nxe5 Rxe5 16. Rd8+ Re8 17. Rxe8+ Nxe8 18. Be3 Bxe3 19. Nxe3 Nd6 20. Bb3 Be6 21. Bxe6 fxe6 22. Rd1 Kf7 23. f3 Ke7 24. Kf2 Rd8 25. h4 Nf5 26. Rxd8 Kxd8 27. Nxf5 exf5 28. Ke3 Ke7 29. Kf4 Kf6 30. h5 Ke6 31. c4 c5 32. a3 b6 33. Ke3 Ke5 34. f4+ Ke6 35. a4 Kd6 36. Kf3 Ke6 37. Ke3 Kd6 38. Kf3 1/2-1/2

[Event "CZE-chT2F 1819"]
[Site "Czech Republic"]
[Date "2019.02.24"]
[Round "9.4"]
[White "Sikora, Matous"]
[Black "Tustanowski, Robert"]
[Result "1/2-1/2"]
[WhiteElo "2025"]
[BlackElo "2207"]
[PlyCount "81"]
[EventDate "2018.10.14"]
[EventType "team-tourn"]
[EventRounds "11"]
[EventCountry "CZE"]
[SourceTitle "EXT 2022"]
[Source "ChessBase"]
[SourceDate "2021.10.06"]
[SourceVersion "1"]
[SourceVersionDate "2021.10.06"]
[SourceQuality "1"]
[WhiteTeam "Orlova Slavia II"]
[BlackTeam "Vrbno pod Pradedem"]
[WhiteTeamCountry "CZE"]
[BlackTeamCountry "CZE"]

1. e4 e5 2. Nf3 Nc6 3. d4 exd4 4. c3 d3 5. Bxd3 d6 6. h3 Nf6 7. 0-0 Be7 8. Bf4 0-0 9. Nbd2 Nd7 10. Nd4 Bf6 11. Be3 Nxd4 12. cxd4 c5 13. Nf3 cxd4 14. Bxd4 Bxd4 15. Nxd4 Qb6 16. Nf5 Qxb2 17. Bc4 Nb6 18. Nxd6 Nxc4 19. Nxc4 Qf6 20. e5 Qf4 21. Qe2 Be6 22. Nd6 Rad8 23. Rad1 b6 24. g3 Qh6 25. h4 f6 26. a3 fxe5 27. Qxe5 Qf6 28. Qxf6 Rxf6 29. Ne4 Rff8 30. f4 Bg4 31. Rxd8 Rxd8 32. Rc1 h6 33. Kf2 Re8 34. Nc3 a6 35. Re1 Rxe1 36. Kxe1 Kf7 37. Nd5 b5 38. Kd2 a5 39. Kc3 Bd7 40. Kd4 Ke6 41. g4 1/2-1/2